01240nam a2200289 a 450000100060000000300080000600500170001400800410003103500200007204000270009204100080011908200250012711000310015224500740018326000550025730000210031250000660033350000960039950000680049565000310056365000300059470000400062494200120066499900170067695201360069395201210082946137BD-RjUL20211209054119.0160730q19471944sz 001 0 eng  a(BD-RjUL)46255) aDLCcAFUdBD-RjULbeng aeng00a332.45223bINT 19472 aLeague of Nations.914101310aInternational currency experience :blessons of the interwar period / aGeneva :bLeague of Nations,c1944 [reprinte 1947] a249 p. ;c24 cm. aAt head of title: Economic, Financial and Transit Department. aSeries of League of Nations publications. II. Economic and financial. 1944.II.A.4.and index a"The greater part ... is the work of Mr. Ragnar Nurkse."--Pref. 0aCurrency question.9141010 0aForeign exchange.91410111 aNurkse, Ragnar,d1907-1959.9141012 2ddccBK c46137d46137 00102ddc40708NFICaRUCLbRUCLcStackd1957-03-04eU S A registrerl0o332.45 INT 1947r2016-07-31 00:00:00tC-2w2016-07-31yBK 00102ddc40718NFICaRUCLbRUCLcReadingd2025-07-27l0o332.45 INT 1947r2025-07-27 00:00:00tC-1w2025-07-27yBK